| 000 | 00758nam a22002537a 4500 | ||
|---|---|---|---|
| 001 | 0074 | ||
| 003 | DO-SdBNP | ||
| 005 | 20180119154520.0 | ||
| 007 | 0074 | ||
| 008 | 151005b sp 1990 xxu||||| |||| 00| 0 spa d | ||
| 020 | _a9788401312465 | ||
| 040 |
_aBPMSU _bspa _cBPMSU |
||
| 100 | 1 | 0 | _aBurnie, David |
| 245 | 1 | 0 |
_aCómo funcionan las máquinas / _cDavid Burnie ; traducción Ana Victoria Berman Kohen |
| 260 |
_aBarcelona, España : _bPlaza joven, _bJanés editores. _c1990 |
||
| 300 |
_a64 p. _bil. _c29 cm. |
||
| 490 | 1 | 0 | _aVentana al mundo |
| 500 | _aIncluye índice | ||
| 700 | 1 | 0 |
_aBerman Kohen, Ana Victoria, _etr. |
| 830 | 0 | 0 | _aVentana al mundo |
| 942 |
_2ddc _cBK |
||
| 945 | _aInventariado, 2018 / YL | ||
| 956 |
_aBrenda Tavárez _b10 _cBPMSU |
||
| 999 |
_c8326 _d8326 |
||